000 00693nam a22002537a 4500
003 CHAP
005 20220329135525.0
008 971013s1981 r 00010 d
010 _a38049
011 _a39021
035 _a43141
040 _cCHAP
090 _aFolleto 7444
100 0 0 _aMiralles, Edmundo.
_976042
245 _aControl de ratas
260 _aCaracas :
_bDirección de Sanidad Vegetal,
_c1981
300 _a10 p.
_b: ilus
590 _aBATCH-UPD
_b10
_c20130110
_lUCH01
_h0137
590 _aCONVERSION
_b10
_c20130109
_lUCH01
_h1321
650 1 4 _aRatas
_xExterminio.
_994731
901 _aBK
942 _cFOLL
949 _aFolleto 7444
_bBC
_cFOLL
_d-99038
_eTS1
_i43141
_mD
_si
999 _c38049
_d38049